[Event "AUT-chT2M 2324"]
[Site "Austria"]
[Date "2023.11.04"]
[Round "2.2"]
[White "Salvenmoser, Stefan"]
[Black "Berczes, David"]
[Result "1/2-1/2"]
[WhiteElo "2330"]
[BlackElo "2451"]
[PlyCount "66"]
[EventDate "2023.11.03"]
[EventType "team-tourn"]
[EventRounds "11"]
[EventCountry "AUT"]
[SourceTitle "CB46_2023"]
[SourceDate "2023.11.15"]
[SourceVersion "1"]
[SourceVersionDate "2023.11.15"]
[SourceQuality "1"]
[WhiteTeam "Grieskirchen"]
[BlackTeam "Gamlitz"]
[WhiteTeamCountry "AUT"]
[BlackTeamCountry "AUT"]

1. e4 c5 2. Nf3 e6 3. g3 Nc6 4. Bg2 Nf6 5. Qe2 e5 6. 0-0 Be7 7. c3 0-0 8. Na3 d5 9. exd5 Qxd5 10. d3 Bg4 11. Nc4 Rad8 12. Re1 Rfe8 13. h3 Bxf3 14. Bxf3 Qe6 15. Qf1 Bf8 16. Bf4 Qf5 17. Bxc6 bxc6 18. Bxe5 Nd5 19. Bd6 Rxe1 20. Rxe1 Rxd6 21. Nxd6 Bxd6 22. Re8+ Bf8 23. Kh2 h5 24. Qe2 h4 25. Kg2 Nc7 26. Rb8 hxg3 27. fxg3 Ne6 28. h4 Qd5+ 29. Qf3 Qd7 30. a3 Qc7 31. Re8 Qd7 32. Rb8 Qc7 33. Re8 Qd7 1/2-1/2

[Event "AUT-chT 2223"]
[Site "Austria"]
[Date "2022.11.03"]
[Round "1.5"]
[White "Salvenmoser, Stefan"]
[Black "Breder, Dennis"]
[Result "1/2-1/2"]
[WhiteElo "2304"]
[BlackElo "2424"]
[PlyCount "52"]
[EventDate "2022.11.03"]
[EventType "team-tourn"]
[EventRounds "11"]
[EventCountry "AUT"]
[SourceTitle "EXT 2024"]
[Source "ChessBase"]
[SourceDate "2023.10.10"]
[SourceVersion "1"]
[SourceVersionDate "2023.10.10"]
[SourceQuality "1"]
[WhiteTeam "Grieskirchen"]
[BlackTeam "Hohenems"]
[WhiteTeamCountry "AUT"]
[BlackTeamCountry "AUT"]

1. e4 c5 2. Nf3 Nc6 3. Bb5 g6 4. 0-0 Bg7 5. Re1 e5 6. b4 Nxb4 7. Bb2 Qc7 8. c3 Nc6 9. d4 d6 10. Na3 a6 11. d5 Ke7 12. Bf1 Na7 13. c4 Nf6 14. Nd2 g5 15. Nc2 Bd7 16. a4 b6 17. Ne3 h5 18. Bd3 h4 19. Bc3 Rag8 20. Ndf1 Bh6 21. Rb1 g4 22. Qb3 Rb8 23. Rb2 Nh5 24. Be2 Nf6 25. Bd3 Nh5 26. Be2 Nf6 1/2-1/2

[Event "AUT-chT2M 1819"]
[Site "Austria"]
[Date "2019.03.03"]
[Round "11.5"]
[White "Wegerer, Fred"]
[Black "Salvenmoser, Stefan"]
[Result "1/2-1/2"]
[WhiteElo "2161"]
[BlackElo "2182"]
[PlyCount "89"]
[EventDate "2018.10.19"]
[EventType "team-tourn"]
[EventRounds "11"]
[EventCountry "AUT"]
[SourceTitle "CBM 189 Extra"]
[Source "ChessBase"]
[SourceDate "2019.06.03"]
[SourceVersion "1"]
[SourceVersionDate "2019.06.03"]
[SourceQuality "1"]
[WhiteTeam "Gleisdorf"]
[BlackTeam "Grieskirchen/Bad Schallenberg"]
[WhiteTeamCountry "AUT"]
[BlackTeamCountry "AUT"]

1. c4 Nf6 2. Nc3 e5 3. e3 Bb4 4. Nge2 Nc6 5. a3 Bxc3 6. Nxc3 d6 7. Qc2 0-0 8. h3 Ne7 9. Be2 c6 10. 0-0 Bf5 11. d3 Rc8 12. e4 Be6 13. f4 Ne8 14. Kh1 f6 15. Be3 exf4 16. Bxf4 c5 17. Qa4 a6 18. Qd1 Ng6 19. Bg4 Nc7 20. Nd5 Re8 21. Bg3 Ne5 22. Bxe5 Nxd5 23. exd5 Bxg4 24. Qxg4 Rxe5 25. Rae1 Qe8 26. Rxe5 fxe5 27. b4 cxb4 28. axb4 Rd8 29. Kh2 Qd7 30. Kg3 Qxg4+ 31. Kxg4 Rc8 32. Ra1 e4 33. dxe4 Rxc4 34. Kf5 Kf7 35. b5 g6+ 36. Kf4 Kf6 37. bxa6 bxa6 38. h4 h6 39. Rxa6 g5+ 40. hxg5+ hxg5+ 41. Kf3 Ke5 42. Kg4 Rc2 43. g3 Rc3 44. Ra4 Re3 45. Rb4 1/2-1/2